Building science, book III (Record no. 77827)

MARC details
000 -LEADER
fixed length control field 00800nam a2200157 a 4500
008 - FIXED-LENGTH DATA ELEMENTS--GENERAL INFORMATION
fixed length control field 120416s9999 xx |||||||||||||| || u
050 ## - LIBRARY OF CONGRESS CALL NUMBER
Classification number TH 145 Gib
100 ## - MAIN ENTRY--PERSONAL NAME
Personal name Drury, F. E
245 10 - TITLE STATEMENT
Title Building science, book III
246 ## -
-- a course of experimental science for junior building students
350 ## -
-- 0.00
700 ## - ADDED ENTRY--PERSONAL NAME
Personal name Gibbins, S. C
995 ## -
-- BINDERY (DAMAGED)
-- 0.00
-- 718122
-- CBU-MAIN LIBRARY (Kitwe)
-- 3
-- 1.68
-- TH 145 Gib
-- 3
-- DAMAGED
-- 015030
-- Main Library Open Access Collection
995 ## -
-- BINDERY (DAMAGED)
-- 0.00
-- 718121
-- CBU-MAIN LIBRARY (Kitwe)
-- 1
-- 1.68
-- TH 145 Gib
-- 2
-- DAMAGED
-- 015029
-- Main Library Open Access Collection
995 ## -
-- MAIN LIBRARY OPEN ACCESS
-- 0.00
-- 015028
-- CBU-MAIN LIBRARY (Kitwe)
-- 2
-- 1.68
-- TH 145 Gib
-- 1
-- AVAILABLE
-- 015028
-- Main Library Open Access Collection
999 ## -
-- 77827
-- 77827
Holdings
Withdrawn status Lost status Source of classification or shelving scheme Damaged status Not for loan Permanent Location Current Location Shelving location Date acquired Total Checkouts Full call number Barcode Date last seen Copy number Price effective from Koha item type
          CBU-MAIN LIBRARY, KITWE. CBU-MAIN LIBRARY, KITWE.   05/03/2023   TH 145 Gib 015030 05/03/2023 1 05/03/2023 MONOGRAPH
          CBU-MAIN LIBRARY, KITWE. CBU-MAIN LIBRARY, KITWE.   05/03/2023   TH 145 Gib 015029 05/03/2023 2 05/03/2023 MONOGRAPH
          CBU-MAIN LIBRARY, KITWE. CBU-MAIN LIBRARY, KITWE.   05/03/2023   TH 145 Gib 015028 05/03/2023 3 05/03/2023 MONOGRAPH